Statistiques concernant Top 15 des pays avec les décès de Covid-19 - 4 août

Cliquez ici pour prendre le quiz!

Statistiques générales

  • Ce quiz a été pris 23 fois
  • Le résultat moyen est 12 sur 20

Statistiques - réponses

pays% Correct
France
95%
Espagne
86%
Etats-Unis
86%
Brésil
81%
Inde
81%
Italie
81%
Royaume-Uni
81%
Allemagne
71%
Belgique
71%
Mexique
71%
Russie
71%
Suède
57%
Chili
52%
Pays-Bas
52%
Pérou
52%
Iran
48%
Colombie
38%
Équateur
33%
Irlande
24%
Panama
10%

Distribution des résultats

Percentile par nombre de réponses

% des personnes avec chaque résultat

Votre développement - résultats

Vous n’avez pas pris ce quiz